Cấu tạo kiến trúc

Giới thiệu về các bộ phận cơ bản của công trình kiến trúc. Trình bày cấu tạo các bộ phận cấu kết nên một ngôi nhà hay công trình như nền và móng, tường và vách ngăn, khung, dầm, sàn, mái, cầu thang, cửa và các bộ phận cấu tạo hoàn...

全面介绍

Đã lưu trong:
书目详细资料
主要作者: Phạm, Việt Anh
格式: 图书
语言:Undetermined
出版: Hà Nội Xây dựng 2013
主题:
标签: 添加标签
没有标签, 成为第一个标记此记录!
Thư viện lưu trữ: Trung tâm Học liệu Trường Đại học Cần Thơ
LEADER 01031nam a2200217Ia 4500
001 CTU_181213
008 210402s9999 xx 000 0 und d
020 |c 93000 
082 |a 721 
082 |b A107 
100 |a Phạm, Việt Anh 
245 0 |a Cấu tạo kiến trúc 
245 0 |c Phạm Việt Anh, Nguyễn Khắc Sinh (chủ biên) 
260 |a Hà Nội 
260 |b Xây dựng 
260 |c 2013 
520 |a Giới thiệu về các bộ phận cơ bản của công trình kiến trúc. Trình bày cấu tạo các bộ phận cấu kết nên một ngôi nhà hay công trình như nền và móng, tường và vách ngăn, khung, dầm, sàn, mái, cầu thang, cửa và các bộ phận cấu tạo hoàn thiện khác 
650 |a Buildings,Xây dựng 
650 |x Design and construction,Thiết kế và xây dựng 
904 |i Hải 
980 |a Trung tâm Học liệu Trường Đại học Cần Thơ